000 01109nam a22002537a 4500
003 OSt
005 20250925180756.0
008 240315b ||||| |||| 00| 0 eng d
040 _c0
082 _aDPer 621.381 In821 August 2022 v. 37 n. 8
100 _aBae, Jung-Soo.
_eauthor.
_954785
245 _aCompact solid-state Marx modulator with fast switching for nanosecond pulse /
_cJung-Soo Bae, Tae-Hyun Kim, Seong-Ho Son, Chang-Hyun Gwon, Hyoung-Suk Kim, Chan-Hun Yu, and Sung-Roc Jang.
260 _aNew York ;
_bThe Institute of Electrical and Electronics Engineers, Inc. ,
_cAugust 2022.
300 _aVolume 37, pages 9406-9414 :
_billustration ;
_c28 cm.
500 _aIEEE Transitions on Power Electronics, v. 37 n. 8, pages 9406-9414, August 2022.
700 _aBae, Jung-Soo.
_eauthor.
_954785
700 _aKim, Tae-Hyun.
_eauthor.
_954786
700 _aSon, Seong-Ho.
_eauthor.
_954787
700 _aGwon, Chang-Hyun.
_eauthor.
_954788
700 _aKim, Hyoung-Suk.
_eauthor.
_954789
700 _aYu, Chan-Hun.
_eauthor.
_954790
700 _aJang, Sung-Roc.
_eauthor.
_954791
942 _2ddc
_cPER
999 _c19704
_d19704